|
|
|
|
| LEADER |
00000nas a2200000 a 4500 |
| 001 |
ssj0012086 |
| 003 |
WaSeSS |
| 005 |
20200512172242.0 |
| 006 |
m d |
| 007 |
cr n |
| 008 |
990413c19939999vauqr pss 0 a0eng c |
| 010 |
|
|
|a 2008202026
|
| 022 |
|
|
|a 1943-5924
|l 1059-7069
|y 1059-7069
|
| 035 |
|
|
|a (WaSeSS)ssj0012086
|
| 037 |
|
|
|b Association for the Advancement of Computing in Education (AACE), P.O. Box 1545, Chesapeake, VA 23327-1545
|
| 040 |
|
|
|a UV$
|b eng
|c UV$
|d OCL
|d IUL
|d OCLCQ
|d NSD
|d DLC
|d OCLCQ
|d OCLCO
|d OCLCQ
|d OCLCF
|d OCLCO
|d VT2
|d OCLCQ
|d WaSeSS
|
| 042 |
|
|
|a pcc
|a nsdp
|
| 050 |
1 |
4 |
|a LB1028.3
|
| 082 |
1 |
0 |
|a 371.3
|2 14
|
| 130 |
0 |
|
|a Journal of technology and teacher education (Online)
|
| 210 |
0 |
|
|a J. technol. teach. educ.
|b (Online)
|
| 222 |
|
0 |
|a Journal of technology and teacher education
|b (Online)
|
| 245 |
1 |
0 |
|a Journal of technology and teacher education
|h [electronic resource].
|
| 246 |
3 |
0 |
|a Technology and teacher education
|
| 246 |
1 |
3 |
|a Jl. of technology and teacher education
|
| 246 |
1 |
3 |
|a JTATE
|
| 260 |
|
|
|a Charlottesville, VA :
|b Association for the Advancement of Computing in Education,
|c 1993-
|
| 310 |
|
|
|a Quarterly
|
| 362 |
1 |
|
|a Print began with vol. 1, no. 1.
|
| 500 |
|
|
|a Published: Chesapeake, VA, <2008->
|
| 506 |
|
|
|a License restrictions may limit access.
|
| 550 |
|
|
|a Official journal of the Society for Information Technology and Teacher Education (SITE), <1997->
|
| 588 |
|
|
|a Description based on print version record.
|
| 588 |
|
|
|a Latest issue consulted: Vol. 16, no. 3 ([2008?]) (publisher's Web site, viewed Aug. 18, 2008).
|
| 650 |
|
0 |
|a Educational technology
|v Periodicals.
|
| 650 |
|
0 |
|a Teachers
|x Training of
|v Periodicals.
|
| 650 |
|
7 |
|a Educational technology.
|2 fast
|0 (OCoLC)fst00903623
|
| 650 |
|
7 |
|a Teachers
|x Training of.
|2 fast
|0 (OCoLC)fst01144404
|
| 655 |
|
0 |
|a Electronic journals.
|
| 710 |
2 |
|
|a Association for the Advancement of Computing in Education.
|
| 710 |
2 |
|
|a Society for Information Technology and Teacher Education.
|
| 776 |
0 |
8 |
|i Print version:
|t Journal of technology and teacher education
|x 1059-7069
|w (DLC) 94659148
|w (OCoLC)24681049
|
| 856 |
4 |
0 |
|z Full text available from Research Library: 01/01/2004 to 10/31/2008
|u https://search.proquest.com/publication/34359
|